| 000 | 00971cam a22003017a 4500 | ||
|---|---|---|---|
| 003 | CHAP | ||
| 005 | 20220329141817.0 | ||
| 008 | 971013s1970 r 00010 d | ||
| 010 | _a74199 | ||
| 011 | _a75171 | ||
| 035 | _a84731 | ||
| 040 | _cCHAP | ||
| 090 | _aFolleto 2778 | ||
| 100 | 0 | 0 |
_aGarza Villarreal, Félix de la. _947160 |
| 245 | 1 | 0 | _aSemilleros de cafeto |
| 260 |
_aChapingo, Méx. : _bDepartamento de Extensión Agrícola, _c1970 |
||
| 300 | _as.p. | ||
| 590 |
_aBATCH-UPD _b10 _c20130110 _lUCH01 _h2122 |
||
| 590 |
_aBATCH-UPD _b10 _c20130410 _lUCH01 _h1431 |
||
| 590 |
_aBATCH-UPD _b10 _c20130914 _lUCH01 _h0811 |
||
| 590 |
_aCONVERSION _b10 _c20130109 _lUCH01 _h1341 |
||
| 650 | 1 | 4 |
_aCafé _xPlántulas. _917184 |
| 901 | _aBK | ||
| 942 | _cFOLL | ||
| 949 |
_aFolleto 2778 _bBC _cFOLL _d-40218 _eLIBRO _i84731 _mD _si |
||
| 949 |
_aFolleto 2778 _bBC _cFOLL _d-40219 _eLIBRO _fc.2 _i84731 _mD _si |
||
| 949 |
_aFolleto 2778 _bBC _cFOLL _d33724002324173 _eTS2 _fc.3 _i84731 _sb |
||
| 999 |
_c74199 _d74199 |
||